000 00185 a2200097 4500
020 _a9780736841436
041 _aspa
100 _aJeri,,s Cipriano
245 _aEs una regla
942 _cBK
999 _c2787
_d2787